004410000a22001090004500090001700000245013100017041001400148100003400162942001300196773010500209999001700314 aASbSeriadas10aNueva especie de Marcgravia, grupo Galeatae (Mercgraviaceae) de la Cordillera Oriental y catálogo del género para Colombia0 aEspañol1 aGiraldo Cañas, Diego910850 cARTICULO1 tRevista de la Academia Colombiana de Ciencias Exactas, Físicas y Naturalesh100q367-371d2002g26 c15511d15511